00254nam a2200109Ia 4500003000400000005001700004008004100021020001900062040001700081100002300098245002300121OSt20240306121228.0170524s9999 xx 000 0 und d a978-1556222030 cIIMTU MEERUT aSTULTZ- RUSSELL A. 0aLEARN DOS IN A DAY